Normal view
MARC view
- القانون التجاري -- التجارة -- ادارة الأعمال -- العلوم الادارية
Entry Topical Term
001 - CONTROL NUMBER
- control field: 27462
003 - CONTROL NUMBER IDENTIFIER
- control field: JO-AjAnu
005 - DATE AND TIME OF LATEST TRANSACTION
- control field: 20230606074650.0
008 - FIXED-LENGTH DATA ELEMENTS
- fixed length control field: 230606|| aca||aabn | a|a d
040 ## - CATALOGING SOURCE
- Original cataloging agency: JO-AjAnu
- Transcribing agency: JO-AjAnu
150 ## - HEADING--TOPICAL TERM
- Topical term or geographic name entry element: القانون التجاري -- التجارة -- ادارة الأعمال -- العلوم الادارية
670 ## - SOURCE DATA FOUND
- Source citation: Work cat.: (JO-AjAnu)14103: الشوا ، تالا سعود ، السويلميين ، صفاء محمود , author 27461, التشريعات التجارية وتشريعات الأعمال لطلبة العلوم الدارية والمالية = COMMERCIAL AND BUSINESS LOW